<?xml version="1.0" encoding="UTF-8"?><?xml-stylesheet type="text/xsl" href="static/style.xsl"?><OAI-PMH xmlns="http://www.openarchives.org/OAI/2.0/" xmlns:xsi="http://www.w3.org/2001/XMLSchema-instance" xsi:schemaLocation="http://www.openarchives.org/OAI/2.0/ http://www.openarchives.org/OAI/2.0/OAI-PMH.xsd"><responseDate>2026-04-14T03:35:47Z</responseDate><request verb="GetRecord" identifier="oai:www.recercat.cat:20.500.12327/1867" metadataPrefix="marc">https://recercat.cat/oai/request</request><GetRecord><record><header><identifier>oai:recercat.cat:20.500.12327/1867</identifier><datestamp>2025-10-22T11:01:57Z</datestamp><setSpec>com_2072_4428</setSpec><setSpec>com_2072_4427</setSpec><setSpec>col_2072_487898</setSpec></header><metadata><record xmlns="http://www.loc.gov/MARC21/slim" xmlns:dcterms="http://purl.org/dc/terms/" xmlns:xsi="http://www.w3.org/2001/XMLSchema-instance" xmlns:doc="http://www.lyncode.com/xoai" xsi:schemaLocation="http://www.loc.gov/MARC21/slim http://www.loc.gov/standards/marcxml/schema/MARC21slim.xsd">
   <leader>00925njm 22002777a 4500</leader>
   <datafield ind2=" " ind1=" " tag="042">
      <subfield code="a">dc</subfield>
   </datafield>
   <datafield ind2=" " ind1=" " tag="720">
      <subfield code="a">Soriano, Jose Miguel</subfield>
      <subfield code="e">author</subfield>
   </datafield>
   <datafield ind2=" " ind1=" " tag="720">
      <subfield code="a">Villegas, Dolors</subfield>
      <subfield code="e">author</subfield>
   </datafield>
   <datafield ind2=" " ind1=" " tag="720">
      <subfield code="a">Aranzana, Maria Jose</subfield>
      <subfield code="e">author</subfield>
   </datafield>
   <datafield ind2=" " ind1=" " tag="720">
      <subfield code="a">García del Moral, Luis F.</subfield>
      <subfield code="e">author</subfield>
   </datafield>
   <datafield ind2=" " ind1=" " tag="720">
      <subfield code="a">Royo, Conxita</subfield>
      <subfield code="e">author</subfield>
   </datafield>
   <datafield ind2=" " ind1=" " tag="260">
      <subfield code="c">2016-08-11</subfield>
   </datafield>
   <datafield ind2=" " ind1=" " tag="520">
      <subfield code="a">A collection of 172 durum wheat landraces from 21 Mediterranean countries and 20 modern cultivars were phenotyped in 6 environments for 14 traits including phenology, biomass, yield and yield omponents. The genetic structure of the collection was ascertained with 44 simple sequence repeat markers that identified 448 alleles, 226 of them with a frequency lower than 5%, and 10 alleles per locus on average. In the modern cultivars all the alleles were fixed in 59% of the markers. Total genetic diversity was HT = 0.7080 and the genetic differentiation value was GST = 0.1730. STRUCTURE software allocated 90.1% of the accessions in five subpopulations, one including all modern cultivars, and the four containing landrace related to their geographic origin: eastern Mediterranean, eastern Balkans and Turkey, western Balkans and Egypt, and western Mediterranean. Mean yield of subpopulations ranged from 2.6 t ha-1 for the western Balkan and Egyptian landraces to 4.0 t ha-1 for modern cultivars, with the remaining three subpopulations showing similar values of 3.1 t ha-1. Modern cultivars had the highest number of grains m-2 and harvest index, and the shortest cycle length. The diversity was lowest in modern cultivars (HT = 0.4835) and highest in landraces from the western Balkans and Egypt (HT = 0.6979). Genetic diversity and AMOVA indicated that variability between subpopulations was much lower (17%) than variability within them (83%), though all subpopulations had similar biomass values in all growth stages. A dendrogram based on simple sequence repeat data matched with the clusters obtained by STRUCTURE, improving this classification for some accessions that have a large admixture. landraces included in the subpopulation from the eastern Balkans and Turkey were separated into two branches in the dendrogram drawn with phenotypic data, suggesting a different origin for the landraces collected in Serbia and Macedonia. The current study shows a reliable relationship between genetic and phenotypic population structures, and the connection of both with the geographic origin of the landraces.</subfield>
   </datafield>
   <datafield ind1="8" ind2=" " tag="024">
      <subfield code="a">Soriano, Jose Miguel, Dolors Villegas, Maria Jose Aranzana, Luis F. García del Moral, and Conxita Royo. 2016. "Genetic Structure Of Modern Durum Wheat Cultivars And Mediterranean Landraces Matches With Their Agronomic Performance". PLOS ONE 11 (8): e0160983. doi:10.1371/journal.pone.0160983.</subfield>
   </datafield>
   <datafield ind1="8" ind2=" " tag="024">
      <subfield code="a">1932-6203</subfield>
   </datafield>
   <datafield ind1="8" ind2=" " tag="024">
      <subfield code="a">http://hdl.handle.net/20.500.12327/1867</subfield>
   </datafield>
   <datafield ind1="8" ind2=" " tag="024">
      <subfield code="a">https://doi.org/10.1371/journal.pone.0160983</subfield>
   </datafield>
   <datafield ind2="0" ind1="0" tag="245">
      <subfield code="a">Genetic Structure of Modern Durum Wheat Cultivars and Mediterranean Landraces Matches with Their Agronomic Performance</subfield>
   </datafield>
</record></metadata></record></GetRecord></OAI-PMH>